000 00733 a2200241 4500
005 20251219152548.0
008 251219b |||||||| |||| 00| 0 eng d
020 _a9780262548700 (pbk)
037 _cTB
040 _aCRL
_cCRL
041 _2eng
_aeng
084 _aY7:(P) R5
_qCRL
100 _aAdamou, Evangelia
_9846436
245 _aEndangered languages
260 _aLondon, U.K.:
_bMit Press,
_c2025.
300 _axiv;244p.
365 _b16.95
_cUSD
650 _aANthropology
_9858143
650 _aLinguistics
_9858144
650 _aLinguistics
_9858144
942 _cTB
_2CC
_n0
_hY7:(P) R5
999 _c1463966
_d1463966